000 00365nam a2200169Ia 4500
003 GCL
008 140319s9999 xx 000 0 eng d
040 _aGCL /
_cGCL
082 0 4 _aM
_bCAIRO
245 1 0 _aCAIRO
260 _a[S.N] :
_bNONE
650 0 4 _aCAIRO
650 0 4 _aMAHMACHEH
650 0 4 _aJARDIN DE EZHEKIEA
650 0 4 _aBAB EL NASR
942 _2ddc
_cMP
999 _c25769
_d25769